[Event "Dimitrovgrad Spring"]
[Site "Dimitrovgrad"]
[Date "2023.04.14"]
[Round "6"]
[White "Banov, Boil"]
[Black "Pein, Jonathan"]
[Result "1/2-1/2"]
[WhiteElo "2046"]
[BlackElo "2301"]
[PlyCount "32"]
[EventDate "2023.04.11"]
[EventType "schev"]
[EventRounds "9"]
[EventCountry "BUL"]
[SourceTitle "CBM 213 Extra"]
[Source "ChessBase"]
[SourceDate "2023.05.31"]
[SourceVersion "1"]
[SourceVersionDate "2023.05.31"]
[SourceQuality "1"]
[WhiteTeam "Team B"]
[BlackTeam "Team A"]
[WhiteTeamCountry "BUL"]
[BlackTeamCountry "BUL"]

1. Nf3 Nf6 2. g3 b6 3. Bg2 Bb7 4. 0-0 g6 5. c4 Bg7 6. Nc3 0-0 7. d3 c5 8. e4 Nc6 9. Rb1 Ne8 10. Be3 Nc7 11. d4 cxd4 12. Nxd4 Rc8 13. Nxc6 Bxc6 14. Qd3 d6 15. Rbc1 Ne6 16. b4 Bb7 1/2-1/2

[Event "Dimitrovgrad Spring"]
[Site "Dimitrovgrad"]
[Date "2023.04.11"]
[Round "1"]
[White "Georgiev, Biser"]
[Black "Banov, Boil"]
[Result "1-0"]
[WhiteElo "2233"]
[BlackElo "2046"]
[PlyCount "53"]
[EventDate "2023.04.11"]
[EventType "schev"]
[EventRounds "9"]
[EventCountry "BUL"]
[SourceTitle "CBM 213 Extra"]
[Source "ChessBase"]
[SourceDate "2023.05.31"]
[SourceVersion "1"]
[SourceVersionDate "2023.05.31"]
[SourceQuality "1"]
[WhiteTeam "Team A"]
[BlackTeam "Team B"]
[WhiteTeamCountry "BUL"]
[BlackTeamCountry "BUL"]

1. e4 c5 2. f4 e6 3. Nc3 Nc6 4. Nf3 Nge7 5. g3 d6 6. Bg2 g6 7. d4 cxd4 8. Nxd4 a6 9. Be3 Bg7 10. Qd2 d5 11. 0-0-0 0-0 12. Nb3 Qc7 13. exd5 exd5 14. Nxd5 Nxd5 15. Qxd5 Bg4 16. Qd6 Qc8 17. Rd2 Rd8 18. Qc5 Rxd2 19. Bxd2 Qd7 20. h3 Rc8 21. hxg4 Nd4 22. Qd5 Rxc2+ 23. Kd1 Qxd5 24. Bxd5 Rxb2 25. Nxd4 Bxd4 26. Re1 Kf8 27. Re4 1-0

[Event "EU-ch 23rd"]
[Site "Vrnjacka Banja"]
[Date "2023.03.11"]
[Round "9"]
[White "Banov, Boil"]
[Black "Onslow, Alfie"]
[Result "1-0"]
[WhiteElo "2016"]
[BlackElo "2174"]
[PlyCount "38"]
[EventDate "2023.03.03"]
[EventType "swiss"]
[EventRounds "11"]
[EventCountry "SRB"]
[SourceTitle "CBM 213"]
[Source "ChessBase"]
[SourceDate "2023.04.30"]
[SourceVersion "1"]
[SourceVersionDate "2023.04.30"]
[SourceQuality "1"]

1. e4 c6 2. d4 d5 3. exd5 cxd5 4. Bd3 Nf6 5. Nf3 Nc6 6. 0-0 Bg4 7. c3 e6 8. Bf4 Bd6 9. Bxd6 Qxd6 10. Nbd2 0-0 11. Re1 Rab8 12. a4 Rfe8 13. Qe2 Ne7 14. h3 Bh5 15. g4 Bg6 16. Ne5 Bxd3 17. Nxd3 Ng6 18. g5 Nd7 19. Qg4 e5 1-0

[Event "EU-ch 23rd"]
[Site "Vrnjacka Banja"]
[Date "2023.03.05"]
[Round "3"]
[White "Toktomushev, Teimur"]
[Black "Banov, Boil"]
[Result "1-0"]
[WhiteElo "2255"]
[BlackElo "2016"]
[PlyCount "73"]
[EventDate "2023.03.03"]
[EventType "swiss"]
[EventRounds "11"]
[EventCountry "SRB"]
[SourceTitle "CBM 213"]
[Source "ChessBase"]
[SourceDate "2023.04.30"]
[SourceVersion "1"]
[SourceVersionDate "2023.04.30"]
[SourceQuality "1"]

1. d4 Nf6 2. c4 e6 3. Nf3 b6 4. g3 Bb7 5. Bg2 Bb4+ 6. Bd2 Qe7 7. 0-0 0-0 8. a3 Bxd2 9. Qxd2 d6 10. Qc2 Be4 11. Qb3 c5 12. Nc3 Bb7 13. d5 exd5 14. cxd5 Nbd7 15. Nd2 Rfe8 16. e4 Rac8 17. Rfe1 Ng4 18. f4 c4 19. Qc2 Qf6 20. Nf3 h5 21. h3 Nh6 22. Rad1 Qg6 23. Kh2 Nc5 24. Re2 a6 25. Nh4 Qf6 26. Na4 Nd7 27. Rf1 b5 28. Nc3 g6 29. e5 Qg7 30. e6 Nc5 31. f5 gxf5 32. Nxf5 Nxf5 33. Qxf5 fxe6 34. Qxh5 Rf8 35. Rxf8+ Rxf8 36. dxe6 Bxg2 37. e7 1-0

[Event "EU-ch 23rd"]
[Site "Vrnjacka Banja"]
[Date "2023.03.04"]
[Round "2"]
[White "Banov, Boil"]
[Black "Krasteva, Beloslava"]
[Result "1/2-1/2"]
[WhiteElo "2016"]
[BlackElo "2292"]
[PlyCount "54"]
[EventDate "2023.03.03"]
[EventType "swiss"]
[EventRounds "11"]
[EventCountry "SRB"]
[SourceTitle "CBM 213"]
[Source "ChessBase"]
[SourceDate "2023.04.30"]
[SourceVersion "1"]
[SourceVersionDate "2023.04.30"]
[SourceQuality "1"]

1. c4 e6 2. g3 d5 3. Bg2 Nf6 4. Nf3 Bd6 5. 0-0 0-0 6. d3 c5 7. Nc3 d4 8. Ne4 Nxe4 9. dxe4 Nc6 10. Ne1 e5 11. Bd2 a6 12. a4 Be6 13. b3 b5 14. Qc2 bxc4 15. bxc4 Nb4 16. Qc1 Rb8 17. Nd3 Nxd3 18. exd3 Rb3 19. Qc2 Qb6 20. a5 Qb7 21. Rfb1 Rb8 22. Qxb3 Qxb3 23. Rxb3 Rxb3 24. Bf1 Bg4 25. Kg2 Be6 26. Ra2 h5 27. Be2 g6 1/2-1/2

[Event "Varna op-B 8th"]
[Site "Varna"]
[Date "2014.06.19"]
[Round "1"]
[White "Banov, Boil"]
[Black "Akkanen, Timo"]
[Result "1-0"]
[WhiteElo "2159"]
[BlackElo "1783"]
[PlyCount "84"]
[EventDate "2014.06.19"]
[EventType "swiss"]
[EventRounds "9"]
[EventCountry "BUL"]
[SourceTitle "CBM 161 Extra"]
[Source "ChessBase"]
[SourceDate "2014.08.29"]
[SourceVersion "1"]
[SourceVersionDate "2014.08.29"]
[SourceQuality "1"]

1. e4 e5 2. Nf3 Nc6 3. Bc4 Nf6 4. d3 h6 5. 0-0 Bc5 6. Nc3 0-0 7. Be3 Bxe3 8. fxe3 d6 9. Qe1 Ne7 10. d4 Ng6 11. Rd1 Qe7 12. Nh4 Nxh4 13. Qxh4 c6 14. Rd2 b5 15. Bd3 Be6 16. Rdf2 g5 17. Qxh6 Ng4 18. Qh5 Nxf2 19. Rxf2 f6 20. d5 Bf7 21. Qh6 b4 22. Rxf6 Be8 23. Qxg5+ Qg7 24. Rxf8+ Kxf8 25. Qxg7+ Kxg7 26. Ne2 c5 27. Ng3 Bd7 28. Kf2 Rf8+ 29. Nf5+ Bxf5 30. exf5 Rh8 31. Kg3 Kf6 32. h4 a5 33. b3 Ra8 34. Kf3 a4 35. g4 axb3 36. g5+ Kf7 37. axb3 Ra1 38. Kg2 Re1 39. h5 Rxe3 40. h6 e4 41. h7 exd3 42. h8Q dxc2 1-0

[Event "Golden Sands Europe op 3rd"]
[Site "Golden Sands"]
[Date "2014.06.12"]
[Round "3"]
[White "Banov, Boil"]
[Black "Goumas, Georgios"]
[Result "0-1"]
[WhiteElo "2159"]
[BlackElo "2391"]
[PlyCount "42"]
[EventDate "2014.06.10"]
[EventType "swiss"]
[EventRounds "9"]
[EventCountry "BUL"]
[SourceTitle "CBM 160 Extra"]
[Source "ChessBase"]
[SourceDate "2014.07.01"]
[SourceVersion "1"]
[SourceVersionDate "2014.07.01"]
[SourceQuality "1"]

1. e4 c5 2. Nc3 Nc6 3. f4 e6 4. Bc4 a6 5. a4 Nf6 6. e5 d5 7. Be2 Nd7 8. Nf3 f6 9. exf6 Nxf6 10. 0-0 Bd6 11. g3 0-0 12. Kh1 d4 13. Nb1 e5 14. fxe5 Nxe5 15. Nxe5 Bxe5 16. d3 Bh3 17. Rf2 Ng4 18. Rxf8+ Qxf8 19. Qe1 Re8 20. Kg1 Bxg3 21. hxg3 Qf3 0-1

[Event "BUL-ch sf 78th"]
[Site "Plovdiv"]
[Date "2014.02.15"]
[Round "8"]
[White "Kolev, Atanas Tonchev"]
[Black "Banov, Boil"]
[Result "1-0"]
[WhiteElo "2132"]
[BlackElo "2182"]
[PlyCount "79"]
[EventDate "2014.02.10"]
[EventType "swiss"]
[EventRounds "9"]
[EventCountry "BUL"]
[SourceTitle "CBM 158 Extra"]
[Source "ChessBase"]
[SourceDate "2014.02.28"]
[SourceVersion "1"]
[SourceVersionDate "2014.02.28"]
[SourceQuality "1"]

1. d4 Nf6 2. c4 e6 3. g3 d5 4. Nf3 Bb4+ 5. Bd2 Qe7 6. Bg2 Nc6 7. a3 Bxd2+ 8. Nbxd2 0-0 9. 0-0 Rd8 10. Qc2 e5 11. dxe5 Nxe5 12. Nxe5 Qxe5 13. Nf3 Qe4 14. Rac1 Qxc2 15. Rxc2 Bf5 16. Rd2 dxc4 17. Rfd1 Rxd2 18. Rxd2 Re8 19. Nd4 Be4 20. Nb5 Bxg2 21. Nxc7 Bc6 22. Nxe8 Nxe8 23. Rd4 Bb5 24. e4 Kf8 25. f4 Ke7 26. Kf2 Nc7 27. Ke3 Ne6 28. Rd5 a6 29. f5 Nc7 30. Rc5 Kd6 31. Kd4 f6 32. e5+ Kd7 33. a4 b6 34. e6+ Nxe6+ 35. fxe6+ Kxe6 36. Rc7 Bd7 37. Kxc4 b5+ 38. axb5 a5 39. Kc5 Be8 40. Kd4 1-0

[Event "Plovdiv Tringov Memorial 36th"]
[Site "Plovdiv"]
[Date "2014.02.07"]
[Round "7"]
[White "Banov, Boil"]
[Black "Popchev, Milko"]
[Result "0-1"]
[WhiteElo "2182"]
[BlackElo "2417"]
[PlyCount "106"]
[EventDate "2014.02.02"]
[EventType "swiss"]
[EventRounds "9"]
[EventCountry "BUL"]
[SourceTitle "CBM 158 Extra"]
[Source "ChessBase"]
[SourceDate "2014.02.28"]
[SourceVersion "1"]
[SourceVersionDate "2014.02.28"]
[SourceQuality "1"]

1. e4 c5 2. Nf3 Nc6 3. Nc3 e5 4. Bc4 d6 5. d3 Be7 6. Nd5 Be6 7. c3 Nf6 8. Nxf6+ Bxf6 9. Bxe6 fxe6 10. Be3 0-0 11. 0-0 Qd7 12. d4 exd4 13. cxd4 cxd4 14. Nxd4 Rad8 15. Rc1 d5 16. exd5 exd5 17. h3 Bxd4 18. Bxd4 Rf4 19. Be3 Re4 20. Qd2 d4 21. Bg5 Rde8 22. Rfe1 Rxe1+ 23. Rxe1 h6 24. Rxe8+ Qxe8 25. Bf4 Qe4 26. b3 d3 27. Qe3 Qd5 28. f3 Kf7 29. Qe4 Qxe4 30. fxe4 Nb4 31. Kf2 Nc2 32. Bd2 Ke6 33. Bc3 g6 34. g4 h5 35. Kf3 b5 36. Kf4 b4 37. Bd2 a5 38. gxh5 gxh5 39. e5 Na3 40. Ke4 Nb1 41. Kxd3 Nxd2 42. Kxd2 Kxe5 43. Ke3 h4 44. Kf3 Kd4 45. Kg4 Kc3 46. Kxh4 Kb2 47. Kg4 Kxa2 48. h4 a4 49. h5 axb3 50. h6 b2 51. h7 b1Q 52. h8Q Qe4+ 53. Kg3 b3 0-1

[Event "Plovdiv Tringov Memorial 36th"]
[Site "Plovdiv"]
[Date "2014.02.04"]
[Round "3"]
[White "Ermenkov, Evgenij"]
[Black "Banov, Boil"]
[Result "1-0"]
[WhiteElo "2427"]
[BlackElo "2182"]
[PlyCount "101"]
[EventDate "2014.02.02"]
[EventType "swiss"]
[EventRounds "9"]
[EventCountry "BUL"]
[SourceTitle "CBM 158 Extra"]
[Source "ChessBase"]
[SourceDate "2014.02.28"]
[SourceVersion "1"]
[SourceVersionDate "2014.02.28"]
[SourceQuality "1"]

1. c4 c6 2. Nf3 Nf6 3. b3 d5 4. Bb2 g6 5. g3 Bg7 6. Bg2 0-0 7. 0-0 Bf5 8. d3 Qc8 9. Nbd2 Bh3 10. e4 Bxg2 11. Kxg2 dxe4 12. dxe4 Rd8 13. Qe2 Na6 14. e5 Nh5 15. h3 Nb4 16. Ne1 f5 17. Bc3 c5 18. f4 Bh6 19. Qe3 b6 20. Ndf3 a5 21. a3 Nc6 22. Kh2 Ra7 23. Ra2 e6 24. Nd3 Rad7 25. Rd2 Nd4 26. Bxd4 cxd4 27. Qf2 a4 28. Rb1 Bf8 29. bxa4 Qc6 30. Rdb2 Qxc4 31. Nfe1 Bxa3 32. Rxb6 Ng7 33. Ra1 Be7 34. a5 Ra7 35. a6 Rda8 36. Qa2 Qxa2+ 37. Rxa2 Kf7 38. Nc2 Ne8 39. Nxd4 Nc7 40. Nb4 Bxb4 41. Rxb4 Ke8 42. Rb6 Rxa6 43. Rbxa6 Rxa6 44. Rxa6 Nxa6 45. Nxe6 Ke7 46. Nd4 h5 47. g4 hxg4 48. hxg4 fxg4 49. Kg3 Nc5 50. Kxg4 Ne4 51. Nf3 1-0

[Event "Blagoevgrad op"]
[Site "Blagoevgrad"]
[Date "2013.10.04"]
[Round "9"]
[White "Dragiev, Drago"]
[Black "Banov, Boil"]
[Result "0-1"]
[WhiteElo "1948"]
[BlackElo "2189"]
[PlyCount "34"]
[EventDate "2013.09.28"]
[EventType "swiss"]
[EventRounds "9"]
[EventCountry "BUL"]
[SourceTitle "CBM 156 Extra"]
[Source "ChessBase"]
[SourceDate "2013.10.22"]
[SourceVersion "1"]
[SourceVersionDate "2013.10.22"]
[SourceQuality "1"]

1. e4 c5 2. Nf3 d6 3. d4 cxd4 4. Nxd4 e5 5. Nf3 Nf6 6. Nc3 Be7 7. a4 0-0 8. Bc4 Be6 9. Bxe6 fxe6 10. 0-0 Nc6 11. Ng5 Qd7 12. f4 h6 13. fxe5 Nxe5 14. Nh3 d5 15. exd5 Bc5+ 16. Kh1 Nxd5 17. Rxf8+ Rxf8 0-1

[Event "Blagoevgrad op"]
[Site "Blagoevgrad"]
[Date "2013.09.29"]
[Round "3"]
[White "Drenchev, Petar"]
[Black "Banov, Boil"]
[Result "1-0"]
[WhiteElo "2488"]
[BlackElo "2189"]
[PlyCount "95"]
[EventDate "2013.09.28"]
[EventType "swiss"]
[EventRounds "9"]
[EventCountry "BUL"]
[SourceTitle "CBM 156 Extra"]
[Source "ChessBase"]
[SourceDate "2013.10.22"]
[SourceVersion "1"]
[SourceVersionDate "2013.10.22"]
[SourceQuality "1"]

1. e4 c6 2. d4 d5 3. Nc3 g6 4. h3 Bg7 5. Nf3 Nh6 6. Bf4 f6 7. Qd2 Nf7 8. 0-0-0 e5 9. Be3 exd4 10. Qxd4 0-0 11. exd5 Qa5 12. Qc5 Qxc5 13. Bxc5 Re8 14. dxc6 bxc6 15. Bc4 Nd7 16. Ba3 Bh6+ 17. Kb1 Kg7 18. Rhe1 Rxe1 19. Nxe1 Nfe5 20. Bf1 Nb6 21. b3 Be6 22. Bc1 Bxc1 23. Kxc1 g5 24. Nd3 Nxd3+ 25. Bxd3 f5 26. Be2 Nd5 27. Kb2 g4 28. Nxd5 Bxd5 29. hxg4 fxg4 30. Bxg4 Bxg2 31. Rg1 Bd5 32. c4 Bf7 33. Bf3+ Kf6 34. Bxc6 Rb8 35. Kc3 h5 36. b4 h4 37. Rh1 Rh8 38. Bd7 Be6 39. Bxe6 Kxe6 40. Rh3 Kf5 41. c5 Kg4 42. Rh2 h3 43. Kc4 Kf5 44. Kd5 Rb8 45. c6 Rd8+ 46. Kc5 Rd3 47. c7 Rc3+ 48. Kd6 1-0